000
00318 a2200157 4500
001
180083
020
_a
040
_c
Magnum
100
_a
Spence, M.
240
1
0
_a
Energia solar
_l
por
245
1
0
_a
Energia solar
362
0
_a
1899
440
1
_a
Melhoramentos
697
_a
MAGNITO: PARADIDATICOS
942
_c
BK
999
_c
180083
_d
180083